| 000 | 00383nam a2200145Ia 4500 | ||
|---|---|---|---|
| 008 | 230917s9999||||xx |||||||||||||| ||und|| | ||
| 040 |
_e200113 _aMAIN |
||
| 041 | _aEnglish | ||
| 082 | _a810.9 R141C | ||
| 100 | _aRaman, Meenakshi | ||
| 245 | 0 | _aCritical perspectives in American literature | |
| 260 |
_aNew Delhi _bAtlantic Publishers _c2005 |
||
| 300 | _ax, 238 p. | ||
| 942 | _cBK | ||
| 999 |
_c159050 _d159050 |
||